• 首页
  • 本馆介绍
  • 公告通知
  • 最新文献
  • 馆藏检索
  • 电子资源
  • 读者导购
  • 参考咨询
  • 我的图书馆
  • 登录
  • 详细信息显示
  • 放入我的书架
  • 预约/预借图书
  • 作者相关作品
  • 分类相关作品
  • 丛书相关作品
  • 出版社相关作品

书目信息

  • 表格格式
  • 工作单格式
  • 卡片格式
题名:
傲慢的日本人
    
 
作者: 陆培春 著
分册:  
出版信息: 天津   渤海湾出版公司  1988.11
页数: 186页
开本: 18cm
丛书名:
单 册:
中图分类: K313.03
科图分类:
主题词: 东亚--历史
电子资源:
ISBN: 7-80561-006-1
000 00571nam0 2200193 45
001 0405130905
005 20040513090612.8
010    @a7-80561-006-1@dCNY2.05
100    @a20040513d1988 km y0chiy0120 ea
101 0  @achi
105    @a z 000yy
200 1  @a傲慢的日本人@AAo Man De Ri Ben Ren@f(新加坡)陆培春著@F(Xin Jia Po)Lu Pei Chun Zhu
210    @a天津@c渤海湾出版公司@d1988.11
215    @a186页@d18cm
606 0  @a东亚@x历史
690    @aK313.03@v3
701  0 @a陆培春@4著
801    @aCN@bPftUser@c20040513
905    @f1@b226581@f7@b256582-588@dK313.03@e26:2
    
    傲慢的日本人/(新加坡)陆培春著.-天津:渤海湾出版公司,1988.11
    186页;18cm
    
    
    ISBN 7-80561-006-1:CNY2.05
    
●
相关链接 在E读中查询图书 在五车中查询图书 在当当中查询图书 在豆瓣中查询图书


正题名:傲慢的日本人     索取号:K313.03/26:2         预约/预借

序号 登录号 条形码 馆藏地/架位号 状态 备注
1 0256581   000359588   第二借阅区/ [索取号:K313.03/26:2] 在馆    
2 0256582   000359677   第二借阅区/ [索取号:K313.03/26:2] 在馆    
3 0256583   000359579   第二借阅区/ [索取号:K313.03/26:2] 在馆    
4 0256584   000359640   第二借阅区/ [索取号:K313.03/26:2] 在馆    
5 0256585   000359631   第二借阅区/ [索取号:K313.03/26:2] 在馆    
6 0256586   000359622   密集书库/ [索取号:K313.03/26:2] 在馆    
7 0256587   000359613   密集书库/ [索取号:K313.03/26:2] 在馆    
8 0256588   000359686   密集书库/ [索取号:K313.03/26:2] 在馆    
唐山师范学院图书馆 欢迎您!
大连网信软件有限公司© 版权所有